000 01094nam a22003257a 4500
003 CHAP
005 20220329134728.0
008 971013s1958 r 00010 d
010 _a24933
011 _a25905
035 _a30005
040 _cCHAP
082 _a636.08
_bH35Y
100 0 0 _aHammond, John.
_952466
245 _aPrincipios de la explotación animal; reproducción, crecimiento y herencia
260 _aZaragoza :
_bAcribia,
_c1958
300 _a298 p.
_b: ilus.
500 _aTrad. de la 2 ed. en inglés
590 _aBATCH-UPD
_b10
_c20130110
_lUCH01
_h1830
590 _aBATCH-UPD
_b10
_c20130410
_lUCH01
_h1202
590 _aBATCH-UPD
_b10
_c20130914
_lUCH01
_h1457
590 _aCONVERSION
_b10
_c20130109
_lUCH01
_h1314
650 1 4 _aAnimales domesticos.
_95889
650 1 4 _aGanadería.
_944604
901 _aBK
942 _cLIBRO
949 _a636.08 H35Y
_bBC
_cLIBRO
_d-69277
_eLIBRO
_h11384
_i30005
_mD
_si
949 _a636.08 H35Y
_bBC
_cLIBRO
_d-69278
_eLIBRO
_fc.2
_h12603
_i30005
_si
949 _a636.08 H35y
_bBC
_cLIBRO
_d33724002105892
_eLIBRO
_fc.3
_gI.c/e
_h110989
_i30005
_st
999 _c24933
_d24933